Introduction to solid state physics (Record no. 17189)

MARC details
000 -LEADER
fixed length control field 00520nam a2200181Ia 4500
003 - CONTROL NUMBER IDENTIFIER
control field IN-BaIIA
008 - FIXED-LENGTH DATA ELEMENTS--GENERAL INFORMATION
fixed length control field 211028s9999 xx 000 0 eng d
020 ## - INTERNATIONAL STANDARD BOOK NUMBER
International Standard Book Number 978-0-471-68057-4
040 ## - CATALOGING SOURCE
Transcribing agency IIA Library
080 ## - UNIVERSAL DECIMAL CLASSIFICATION NUMBER
Universal Decimal Classification number 539.2
Item number KIT
100 ## - MAIN ENTRY--PERSONAL NAME
Personal name Kittel, C.
9 (RLIN) 32397
245 #0 - TITLE STATEMENT
Title Introduction to solid state physics
Statement of responsibility, etc. C. Kittel
250 ## - EDITION STATEMENT
Edition statement 8th ed.
260 ## - PUBLICATION, DISTRIBUTION, ETC.
Place of publication, distribution, etc. New Jersey
Name of publisher, distributor, etc. Wiley Eastern
Date of publication, distribution, etc. 2005
300 ## - PHYSICAL DESCRIPTION
Extent xix, 680p.
650 ## - SUBJECT ADDED ENTRY--TOPICAL TERM
Topical term or geographic name entry element Solid state physics,
942 ## - ADDED ENTRY ELEMENTS (KOHA)
Koha item type Books
Holdings
Withdrawn status Lost status Damaged status Not for loan Home library Current library Shelving location Date acquired Source of acquisition Cost, normal purchase price Total Checkouts Full call number Barcode Date last seen Cost, replacement price Price effective from Koha item type Purchase Price
        IIA Library-Bangalore IIA Library-Guribidanur General Stacks 13/02/2009 GB 3840.00   539.2/ KIT 18111 05/11/2021 3840.00 13/02/2009 Books Rs. 3840.00

Powered by Koha